SKELETAL ANCHORAGE IN ORTHODONTIC TREATMENT OF CLASS 2 MALOCCLUSION. (Record no. 9909)
[ view plain ]
| 000 -LEADER | |
|---|---|
| fixed length control field | 00383nam a22001457a 4500 |
| 020 ## - INTERNATIONAL STANDARD BOOK NUMBER | |
| International Standard Book Number | 978-0-7234-3649-2 |
| 082 ## - DEWEY DECIMAL CLASSIFICATION NUMBER | |
| Classification number | 617.643,S15P |
| 100 ## - MAIN ENTRY--PERSONAL NAME | |
| Personal name | PAPADOPOULOS,MOSCHOS.A |
| 245 ## - TITLE STATEMENT | |
| Title | SKELETAL ANCHORAGE IN ORTHODONTIC TREATMENT OF CLASS 2 MALOCCLUSION. |
| 250 ## - EDITION STATEMENT | |
| Edition statement | 1ST |
| 260 ## - PUBLICATION, DISTRIBUTION, ETC. (IMPRINT) | |
| Place of publication, distribution, etc | EDINBURGH |
| Name of publisher, distributor, etc | MOSBY (ELSEVIER) |
| Year of Publication | 2015 |
| 300 ## - PAGE DESCRIPTION | |
| No. of Pages | 293 |
| 650 ## - SUBJECT ADDED ENTRY--TOPICAL TERM | |
| Topical term or geographic name as entry element | ORTHODONTICS |
| 942 ## - ADDED ENTRY ELEMENTS (KOHA) | |
| Source of classification or shelving scheme | Dewey Decimal Classification |
| Koha item type | Books |
| Withdrawn status | Lost status | Source of classification or shelving scheme | Damaged status | Not for loan | Home library | Current library | Shelving location | Date acquired | Vendor Name | Cost, normal purchase price | SGTU | Bill Number | Total Checkouts | Full call number | Accession No. (Barcode) | Date last seen | Bill Date | Koha item type |
|---|---|---|---|---|---|---|---|---|---|---|---|---|---|---|---|---|---|---|
| Dewey Decimal Classification | SGT Dental Library | SGT Dental Library | Reference Book | 17/09/2016 | ABC | 12655.00 | SGTU | 6923 | 617.643,S15P | FD7426 | 04/08/2018 | Books |